Statistics for Countries That Celebrate Thanksgiving

Click here to take the quiz!

General Stats

  • This quiz has been taken 40 times
  • The average score is 3 of 7

Answer Stats

Answer% Correct
Canada
97%
United States
97%
Australia
62%
Liberia
24%
Grenada
18%
Saint Lucia
18%
Netherlands
12%

Score Distribution

Percentile by Number Answered

Percent of People with Each Score

Your Score History

You have not taken this quiz